| 000 | 00442nam a2200157Ia 4500 | ||
|---|---|---|---|
| 008 | 230917s9999||||xx |||||||||||||| ||und|| | ||
| 020 | _cPON18.5 | ||
| 040 |
_e10669 _aMAIN |
||
| 041 | _aEnglish | ||
| 082 | _a519.5 P762H | ||
| 100 | _aPollard, J H | ||
| 245 | 0 | _aHandbook of numerical and statistical techniques: With examples mainly from the life science | |
| 260 |
_aCambridge, Cambridge _c1979 |
||
| 300 | _axvi, 349 p. | ||
| 942 | _cBK | ||
| 999 |
_c208743 _d208743 |
||